Письмо министра финансов Михаила Христофоровича Рейтерна военному министру Дмитрию Алексеевичу Милютину по поводу рассмотрения в...

Доступно только в Электронных читальных залах Найти на картеНа карте
RUSMARC
00004054nmc2a22002533x 450
0012ee19c83-bc3d-4eab-b331-2d353a73f2db
00520230904173322.0
100##$a20230406l18751876k l0rusy0189 ca
1010#$arus
102##$aRU
105##$ay###
1222#$ad
2001#$aПисьмо министра финансов Михаила Христофоровича Рейтерна военному министру Дмитрию Алексеевичу Милютину по поводу рассмотрения вопроса о провиантских поставках в Комитете министров, с сопроводительной запиской Д.А. Милютина Михаилу Петровичу фон Кауфману, проект резолюции Комитета министров по делу о долгосрочных поставках от 10 февраля 1876 года
$j5 декабря 1875 г. - 10 февраля 1876 г.
215##$a13 л.
$d36,5х26 см
251##$cДело
300##$aМихаил Петрович фон Кауфман (1821-1902 годы). Материалы, связанные со служебной деятельностью. По интендантской части
300##$aНа обложке ошибочно указано: "10 февраля 1878 г."
371##$aДокумент не является опубликованным и широко распространяемым
461#0$100190e07281-0192-43e2-b84a-6d6cf747817c
$12001
$aФон Кауфманы и фон Кауфманы Туркестанские
$1251
$cФонд
$1852
$j954
462#0$1001ff04dd05-f76b-4284-9957-af4e9e6c0442
$12001
$aМатериалы к истории рода Kауфманов; личные и служебные документы К.П., М.П., П.М. Кауфмана
$1251
$cОпись
$1852
$j1
801#0$aRU
$bРГИА
$c20230406
$gRCR
801#1$aRU
$bГлавНИВЦ
$c20230406
$2rusmarc
801#2$aRU
$bПБ им. Б.Н. Ельцина
$c20230904
$gRCR
$2rusmarc
850##$aРГИА
852##$aРГИА
$eФедеральное казенное учреждение "Российский государственный исторический архив" (РГИА)
$j192
937##$hРГИА
$d12390586
$aASBIBLIO_SCAN
035##$aRusGRCC00059368
856##$uhttp://readingroom.main.prlib.ru/item.aspx?id_node=n187348110&mode=full
Формат отображения